00494nam a2200193Ia 45000030006000000050017000060080041000230200018000640400009000820410012000910820019001031000023001222450041001452500008001862600032001943000008002265050033002346500033002670Nust20170105110251.0161124s9999 xx 000 0 und d a0-471-43221-0 cIGIS aEnglish a658.40421bWYS aWysocki . Robert K aEffective Project Management with CD a3rd aNew delhibWiley sonsc2003 a464 aEffective Project Management aEffective Project Management